| 000 | 00400pab a2200157 454500 | ||
|---|---|---|---|
| 008 | 180718b2014 xxu||||| |||| 00| 0 eng d | ||
| 100 | _aBuchanan, James M. | ||
| 245 | _aRemoving a barrier to progress: A reassessment of the lower subansiri project | ||
| 260 | _c2014 | ||
| 300 | _ap.63-77. | ||
| 362 | _aJan-Mar | ||
| 650 | _aDams | ||
| 773 | _aSocial Action | ||
| 908 | _aN | ||
| 909 | _a102943 | ||
| 999 |
_c102941 _d102941 |
||